| 000 | 00771nam a22002297a 4500 | ||
|---|---|---|---|
| 001 | 37361 | ||
| 003 | BD-RjUL | ||
| 005 | 20211209052613.0 | ||
| 008 | 141203q ii ||||| |||| 00| 0 eng d | ||
| 020 | _a8178330571 | ||
| 035 | _a(BD-RjUL)37464 | ||
| 040 |
_aBD-RjUL _beng _cBD-RjUL |
||
| 041 | _aeng | ||
| 082 |
_a633.850954 _bPAA 2004 |
||
| 100 |
_aPanda, H. _9114522 |
||
| 245 |
_aAromatic plants cultivation, processing and uses / _cby H. Panda. |
||
| 260 |
_aDelhi, India : _bAsia Pacific Business Press ; _bDistributed by National Institute of Industrial Research, _cc[2004?] |
||
| 300 |
_axii, 478 p. : _bbill. ; _c22 cm. |
||
| 650 |
_aAromatic plants _zIndia. _9114523 |
||
| 710 |
_aNational Institute of Industrial Research (India) _9114524 |
||
| 942 |
_2ddc _cBK |
||
| 999 |
_c37361 _d37361 |
||